000 00591nam a2200253Ia 4500
005 20260121153858.0
008 008 260114s9999 xx 000 0 eng d
020 _a9781315124445
037 _aEBOOK
040 _aCRL
040 _beng
040 _cCRL
041 _2eng
041 _aeng
084 _qCRL
100 _aMax Weber
_91000270
245 0 _aMethodology of Social Sciences
260 _bTaylor and Francis
260 _c2011
856 _uhttp://www.taylorfrancis.com/books/9781315124445
942 _cEBOOK
999 _c1567091
_d1567091